Rumo à aventura (Registo nº 3806)

Detalhes MARC
000 -Etiqueta do registo
Cabeçalho 00743nam0a2200241 4500
005 - Identificador da versão
Campo de controlo 20240813122044.0
021 ## - Número do Depósito Legal
Código do país PT
Número 13781/86
100 ## - Dados gerais de processamento
Dados gerais de processamento 20170317d1986 a e0pory5003 ba
102 ## - Pais de publicação ou produção
País de publicação Portugal
101 1# - Língua de publicação
Língua do texto, banda sonora, etc. Português
Língua do documento no original Espanhol
215 ## - Descrição física 
Indicação específica da natureza do documento e extensão da espécie 48 p.
Outras indicações físicas il
200 1# - Titulo e menção de responsabilidade
Título próprio Rumo à aventura
Primeira menção de responsabilidade Juan Espallardo
225 1# - Colecção 
Título próprio da colecção Gente pequena
Informação de outro título da colecção  para os mais novos que gostam de BD
Nome de uma parte ou secção O tremendo Tobi
Indicação de volume 2
210 ## - Publicação, Distribuição, etc. 
Lugar da edição, distribuição, etc. Lisboa
Nome do editor, distribuidor, etc. Editorial Futura
Data da publicação, distribuição, etc. cop. 1986
606 ## - Nome comum usado como assunto
Número de registo de entrada de autoridade 0001794
Palavra de ordem Literatura espanhola
Subdivisão de assunto Banda desenhada
Código do sistema CA
675 ## - Classificação Decimal Universal (CDU)
Notação 821.134.2(084.11)
Edição 3ª ed.
Língua da edição por
702 #1 - Nome de autor-pessoa física (responsabilidade secundária)
Número de registo de entrada de autoridade 0001795
Palavra de ordem Espallardo
Outra parte do nome não tomada para palavra de ordem Juan
Datas 1951-
Código de função Ilustrador / Técnico de desenho computorizado
700 #1 - Nome de autor-pessoa física (responsabilidade principal)
Número de registo de entrada de autoridade 0001795
Palavra de ordem Espallardo
Outra parte do nome não tomada para palavra de ordem Juan
Datas 1951-
966 ## - Identificação da Biblioteca
Sigla EBVEN
942 ## - Elementos de entrada adicionados (Koha)
Tipo de item no Koha Livro
Exemplares
Situação do levantamento Origin of item (home branch) (coded) Biblioteca de empréstimo Código de barras Cota Circulation type (not for loan) Tipo de documento Nota do exemplar Damaged status
  Biblioteca Escolar das Vendas Biblioteca Escolar das Vendas BEV563 8BD ESP   Livro Sem mensagem  
  Biblioteca Escolar das Vendas Biblioteca Escolar das Vendas BEV562 8BD ESP   Livro Sem mensagem